01199nam a2200277 a 4500001001000000005001700010041000800027044000800035084002100043100004500064245010900109260005800218300004800276500008700324500003900411500011400450500004600564500001100610546002400621650005200645650005600697650003400753650004500787700003900832740005000871BRCA_340720190320204251.0 aeng aenk a696b.W376c19261 aCervantes Saavedra, Miguel ded1547-161610aDon Quixote de la ManchacTranslated from the Spanish of Miguel de Cervantes Saavedra by Charles Jarvis. aLondres : Nueva YorkbFrederick Warne and Co.c[1926] a1 v. en 2 partes (xiv, 710 p.)bil.c23 cm. aContenido : Primera parte. Prólogo del autor. Segunda parte. Prólogo del autor aEdición : With 100 Illustrations aReimpresión de la traducción de Jarvis, publicada en 1866, por los mismos editores. Tela Lúdovik Osterc aCon ex-libris de : Charles Westover Bache aQM1040 aTexto en : inglés14aNovela españolayÉpoca clásica, 1500-170014aLiteratura españolayÉpoca clásica, 1500-170014aNovela españolaySiglo XVII14aDon Quijote (Personaje ficticio)eNovela1 aJarvis, Charlesd?-1739eTraductor0 aEl Ingenioso Hidalgo Don Quijote de la Mancha